Регионална библиотека "Любен Каравелов" - Русе

[Сто] 100 шедьоври на руската любовна лирика (Запис номер 206704)

MARC детайли
000 -Лидер
Контролно поле с фиксирана дължина 02665nam a2200301 c 4500
003 - Код на организацията, давaща контролен номер
Контролно поле BLK
005 - Дата и час на последна редакция
Контролно поле 20221004155535.0
008 - Елементи от данни с фиксирана дължина
fixed length control field 180411b bul|||||r ||||||| ||bul||
010 ## - Наследен системен номер
LC control number KNG00216455000
040 ## - Източник на каталожния запис
Идентификатор на билиотеката - собственик на записа BLK
041 ## - Код за език
Код за езика на текст/звукозапис или на отделно заглавие Български
Код за езика КДБФ Български
080 ## - УДК
Текстов определител УДК Руска литература
УДК код - определител по УДК 821.161.1
УДК определител -1
УДК - код + определител 821.161.1-1
100 1# - Редна дума - Автор
Автор Сумароков, Александър
Авторска отговорност първи автор
R(LIN) 350975
139 ## - Редно поле
Редна дума [Сто] 100 шедьоври на руската любовна лирика
Авторски знак Сто - С 77
245 10 - Сведения за заглавието
Заглавие [Сто] 100 шедьоври на руската любовна лирика
Редно поле (дума) Александър Сумароков; подб. и предг. Иван Цветков; прев. от рус. Кирил Крумов Кадийски.
257 ## - Страна на издаване
Страна на създаване/издаване България
260 ## - Област на издателските данни
Място на издаване, разпространение и проч. София
Име на издателя, разпространителя и проч. Нар. култура
Година на издаване 1975
300 ## - Физическа характеристика
Страници 172 с.
Размери/Мащаб 20 см
380 ## - Жанр
Жанр Худож. лит.
500 ## - Общи забележки
Забележка Други авт. : Ив. Димитриев, Ив. Козлов, В. Жуковски, Д. Давидов, Ф. Глинка, К. Батюшков, С. Аксаков, П. Вяземски, К. Рилеев, Ив. Мятлеев, В. Кюхелбекер, А. Делвиг, А. Пушкин, Е. Баратински, Ф. Тютчев, Д. Веневитинов, А. Колцов, В. Красов, М. Лермонтов, А. К. Толстой, Я. Полонски, А. Разоренов, А. Фет, А. Майков, Н. Некрасов, Л. Мей, Ив. Никитин, А. Апухтин, И. Аненски, К. Балмонт, Ив. Бунин, В. Брюсов, А. Блок, А. Бели, И. Северянин ; Други прев. : З. Иванов, Л. Любенов, Г. Ленков, К. Станишев, А. Миланов, Н. Антонов, П. Алипиев, Ц. Ангелов, Р. Ралин, Г. Джагаров, А. Германов, Н. Бояджиев, Л. Стоянов, Ив. Коларов, Р. Василев, Н. Христозов, Ив. Теофилов, П. Стефанов, М. Исаев ; Л. Любенов - псевд. на прев. Любен Георгиев Прангов. - 25 125 тир. ; Азб. показалец. - Кн. съдържа и лит. очерци за поместените авт., кратка творческа история на някои стихотворения.
700 1# - Други автори (авторска отговорност)
Лично име Цветков, Иван
Автороска отговорност (Описва отношението между автора и произведението) подб. и предг.
9 (RLIN) 364088
700 1# - Други автори (авторска отговорност)
Лично име Кадийски, Кирил Крумов
Автороска отговорност (Описва отношението между автора и произведението) прев. от рус.
9 (RLIN) 364061
852 ## - Местоположение
Форматна сигнатура Цб 77407
856 4# - Електронен адрес и достъп
Електронен формат pdf - файл
856 4# - Електронен адрес и достъп
Електронен формат pdf - файл
999 ## - СИСТЕМНИ КОНТРОЛНИ НОМЕРА
Koha biblionumber 206704
Koha biblioitemnumber 206704
942 ## - АРТИКУЛИ
Вид на библиотечния материал Книги
Скрит в OPAC Не
Koha issues (borrowed), all copies 1
Периодичен библиозапис Да
944 ## - СЪЗДАВАНЕ И РЕДАКЦИЯ на ЗАПИСА
Създаване/Редакция Създаване
Дата на регистрацията/редакция 27.02.2018
Служител, извършил регистрацията/редакцията Нора_Радева
944 ## - СЪЗДАВАНЕ И РЕДАКЦИЯ на ЗАПИСА
Създаване/Редакция Редакция
Дата на регистрацията/редакция 27.02.2018
Служител, извършил регистрацията/редакцията Нора_Радева
944 ## - СЪЗДАВАНЕ И РЕДАКЦИЯ на ЗАПИСА
Създаване/Редакция Редакция
Дата на регистрацията/редакция 2022-10-04
Служител, извършил регистрацията/редакцията Христина Везирева
999 ## - СИСТЕМНИ КОНТРОЛНИ НОМЕРА
Koha biblioitemnumber 206704
Наличности
Код за отписване Код за изгубен артикул Източник на класификационната схема Код за повреда Коз за рестрикции Код за отдаване Артикулен № Име на библиотеката - собственик Име на библиотеката, в която се намира в момента Статус (Текущо местоположение) Дата на вписване в системата Местоположение - отдел Цена в лева Инвентарен номер Систематично азбучна сигнатура Баркод Номер на екземпляра Цена в евро Служебна бележка Служебен тип на артикула
  Не е изгубен Universal Decimal Classification Не е повреден без рестрикции ползва се в читалня 356103 Регионална библиотека "Любен Каравелов" Русе Регионална библиотека "Любен Каравелов" Русе Хранилище 1975-01-01 Хранилище 1.13 190283 Цб 77407 120000190283 1 0.58 Вид: Сф Дата: 01.01.1975 Книги
Изтеглен Не е изгубен Universal Decimal Classification Не е повреден без рестрикции заемане за дома 356104 Регионална библиотека "Любен Каравелов" Русе Регионална библиотека "Любен Каравелов" Русе Заемна - подръчен фонд 1975-01-01 Заемна - подръчен фонд 1.13 190580 П 882-1/С 77 190580 2 0.58 Вид: Сф Дата: 01.01.1975 Книги
Изтеглен Не е изгубен Universal Decimal Classification Не е повреден без рестрикции заемане за дома 356105 Регионална библиотека "Любен Каравелов" Русе Регионална библиотека "Любен Каравелов" Русе Заемна - подръчен фонд 1975-01-01 Заемна - подръчен фонд 1.13 190581 П 882-1/С 77 190581 3 0.58 Вид: Сф Дата: 01.01.1975 Книги
Изтеглен Не е изгубен Universal Decimal Classification Не е повреден без рестрикции заемане за дома 356106 Регионална библиотека "Любен Каравелов" Русе Регионална библиотека "Любен Каравелов" Русе Заемна - подръчен фонд 1975-01-01 Заемна - подръчен фонд 1.13 190582 П 882-1/С 77 190582 4 0.58 Вид: Сф Дата: 01.01.1975 Книги
Изтеглен Не е изгубен Universal Decimal Classification Не е повреден без рестрикции заемане за дома 356107 Регионална библиотека "Любен Каравелов" Русе Регионална библиотека "Любен Каравелов" Русе Заемна - подръчен фонд 1975-01-01 Заемна - подръчен фонд 1.13 190579 П 882-1/С 77 190579 5 0.58 Вид: Сф Дата: 01.01.1975 Книги
  Не е изгубен Universal Decimal Classification Не е повреден без рестрикции заемане за дома 356108 Регионална библиотека "Любен Каравелов" Русе Регионална библиотека "Любен Каравелов" Русе Заемна - подръчен фонд 1975-01-01 Заемна - подръчен фонд 1.13 190577 П 821.161.1-1/С 77 120000190577 6 0.58 Вид: Сф Дата: 01.01.1975 Дата инв: 27.02.2018 Бележки инв: П2018 Книги
Изтеглен Не е изгубен Universal Decimal Classification Не е повреден без рестрикции заемане за дома 356109 Регионална библиотека "Любен Каравелов" Русе Регионална библиотека "Любен Каравелов" Русе Заемна - подръчен фонд 1975-01-01 Заемна - подръчен фонд 1.13 190576 П 882-1/С 77 190576 7 0.58 Вид: Сф Дата: 01.01.1975 Книги
Изтеглен Не е изгубен Universal Decimal Classification Не е повреден без рестрикции заемане за дома 356110 Регионална библиотека "Любен Каравелов" Русе Регионална библиотека "Любен Каравелов" Русе Заемна - подръчен фонд 1975-01-01 Заемна - подръчен фонд 1.13 190575 П 882-1/С 77 190575 8 0.58 Вид: Сф Дата: 01.01.1975 Книги
Vip Innovations Ltd, Rousse, Bulgaria 2025